[Event "TUR-ch op"]
[Site "Antalya"]
[Date "2008.02.06"]
[Round "5.69"]
[White "Guler, Eren Can"]
[Black "Albuz, Can"]
[Result "1-0"]
[WhiteElo "1532"]
[BlackElo "1816"]
[PlyCount "85"]
[EventDate "2008.02.04"]
[EventType "swiss"]
[EventRounds "11"]
[EventCountry "TUR"]
[SourceTitle "CBM 122 Extra"]
[Source "ChessBase"]
[SourceDate "2008.03.04"]
[SourceVersion "1"]
[SourceVersionDate "2008.03.04"]
[SourceQuality "1"]

1. d4 c5 2. d5 e6 3. dxe6 fxe6 4. e4 d5 5. Qh5+ g6 6. Qe5 Qf6 7. Qc7 Nc6 8. Nc3 Qe7 9. Qg3 Bg7 10. Nb5 Be5 11. Bf4 Bxf4 12. Qxf4 e5 13. Qd2 d4 14. Nf3 Nf6 15. Bd3 Be6 16. 0-0 c4 17. Ng5 a6 18. Nc7+ Qxc7 19. Nxe6 Qe7 20. Bxc4 Nxe4 21. Qe2 Nd6 22. Bd5 Nf7 23. Bxc6+ bxc6 24. Qc4 Qd7 25. Rfe1 Rb8 26. b3 Nd6 27. Qc5 Rb5 28. Rxe5 Nf7 29. Nc7+ Kd8 30. Nxb5 axb5 31. Re4 Kc8 32. Qxd4 Qf5 33. Rf4 Qe5 34. Qxe5 Nxe5 35. Re1 Nd7 36. Rf7 h6 37. Ree7 Rd8 38. h3 c5 39. Rg7 g5 40. Rh7 Nf6 41. Rxh6 Rd1+ 42. Kh2 Nd5 43. Rh8# 1-0